[Event "IX Floripa Chess Open Fort Atacadista"]
[Site "Florianópolis - Santa Catari"]
[Date "2023.01.23"]
[Round "1.27"]
[White "Tomiello, Lucas Costamilan"]
[Black "De Resende, Sidnei"]
[Result "1-0"]
[WhiteElo "2263"]
[BlackElo "1629"]
[PlyCount "71"]
[EventDate "2023.01.23"]
[EventRounds "10"]
[EventCountry "BRA"]

1. e4 c5 2. Nf3 d6 3. d4 cxd4 4. Nxd4 Nf6 5. Nc3 a6 6. Be2 e6 7. O-O Be7 8. f4
O-O 9. Bf3 Nbd7 10. g4 Nb6 11. Kh1 Nfd7 12. f5 Ne5 13. Bg2 Bd7 14. h3 Rc8 15.
Nce2 Bf6 16. Nf4 exf5 17. Nxf5 Bxf5 18. exf5 Qc7 19. Nh5 Bh4 20. Be3 Nbc4 21.
Bd4 b5 22. Nf4 Nb6 23. c3 Rfe8 24. b3 Rcd8 25. Qd2 h6 26. f6 g5 27. Nh5 Rd7 28.
Ng7 Red8 29. Nf5 Ng6 30. Nxh6+ Kh8 31. Nf5 Kh7 32. Nxh4 gxh4 33. Qg5 Rh8 34.
Bxb6 Qxb6 35. Bd5 Qc5 36. Qh5+ 1-0

[Event "IX Floripa Chess Open Fort Atacadista"]
[Site "Florianópolis - Santa Catari"]
[Date "2023.01.23"]
[Round "1.28"]
[White "Albiero, Marco Antonio Batis"]
[Black "Cominato Neto, Jose Luis"]
[Result "0-1"]
[WhiteElo "1621"]
[BlackElo "2260"]
[PlyCount "126"]
[EventDate "2023.01.23"]
[EventRounds "10"]
[EventCountry "BRA"]

1. e4 c5 2. Nf3 a6 3. d4 cxd4 4. Nxd4 e5 5. Nb3 Nf6 6. Nc3 Bb4 7. Bd3 d5 8.
exd5 Nxd5 9. Bd2 Nxc3 10. bxc3 Bd6 11. Qh5 Nd7 12. O-O Nf6 13. Qh4 Qc7 14. Rfe1
Be6 15. Rad1 h6 16. c4 Nd7 17. Bc3 O-O 18. Qg3 Rfd8 19. f4 Bf8 20. fxe5 Bxc4
21. Bxc4 Qxc4 22. Nd4 Rac8 23. Ba1 Nc5 24. Rf1 Ne6 25. c3 Bc5 26. Qf3 Nxd4 27.
cxd4 Ba7 28. Kh1 Qd5 29. Qf5 Rc6 30. Rd3 Qe6 31. Rdf3 Qxf5 32. Rxf5 Rc7 33.
R5f4 Rd5 34. h3 Rcd7 35. Rb1 b5 36. a4 Rc7 37. axb5 axb5 38. Rf3 Kf8 39. Bc3
Ke7 40. Rg3 Ke6 41. Ba5 Rb7 42. Rxg7 Bxd4 43. Rh7 Bxe5 44. Rxh6+ f6 45. Rh4 b4
46. Bxb4 Rdb5 47. Rb3 R7b6 48. Kg1 Kf7 49. Rh7+ Kg6 50. Rh4 Bd6 51. Rg4+ Kf7
52. Bxd6 Rxb3 53. Bf4 R6b4 54. g3 Rb2 55. Bd6 Rb6 56. Rd4 Ra2 57. Rd1 Rbb2 58.
h4 Kg6 59. Kh1 Kh5 60. Bc5 Rh2+ 61. Kg1 Kg4 62. Bd4 Rag2+ 63. Kf1 Kh3 0-1

[Event "IX Floripa Chess Open Fort Atacadista"]
[Site "Florianópolis - Santa Catari"]
[Date "2023.01.23"]
[Round "1.29"]
[White "Ribeiro, Matheus Mendes Domi"]
[Black "Dos Santos, Lucas Carvalho Ribe"]
[Result "1-0"]
[WhiteElo "2250"]
[BlackElo "1619"]
[PlyCount "33"]
[EventDate "2023.01.23"]
[EventRounds "10"]
[EventCountry "BRA"]

1. c4 f5 2. Nc3 Nf6 3. g3 e6 4. Bg2 Be7 5. Nf3 O-O 6. d4 d6 7. O-O Nbd7 8. Qb3
h6 9. Rd1 c5 10. dxc5 Nxc5 11. Qc2 a6 12. Nd4 e5 13. Nxf5 Bxf5 14. Qxf5 Nfe4
15. Qh5 Nxc3 16. bxc3 Rc8 17. Bxh6 1-0

[Event "IX Floripa Chess Open Fort Atacadista"]
[Site "Florianópolis - Santa Catari"]
[Date "2023.01.23"]
[Round "1.30"]
[White "Dionisio, Alex Monteiro"]
[Black "Gattass, Allan"]
[Result "0-1"]
[WhiteElo "1616"]
[BlackElo "2246"]
[PlyCount "50"]
[EventDate "2023.01.23"]
[EventRounds "10"]
[EventCountry "BRA"]

1. e4 c5 2. Nf3 Nc6 3. Bb5 d6 4. d4 cxd4 5. Qxd4 Bg4 6. Qd3 Rc8 7. c4 Nf6 8.
Nc3 Nd7 9. Bxc6 bxc6 10. b3 g6 11. O-O Bg7 12. Rb1 O-O 13. Bb2 f5 14. Nd4 Nc5
15. Qe3 e5 16. Nde2 f4 17. Qd2 f3 18. Ng3 Ne6 19. gxf3 Bxf3 20. Nd1 Qh4 21. Ne3
Qh3 22. Rbc1 Rf4 23. Qxd6 Rh4 24. Rfd1 Qxh2+ 25. Kf1 Qh1+ 0-1

[Event "IX Floripa Chess Open Fort Atacadista"]
[Site "Florianópolis - Santa Catari"]
[Date "2023.01.23"]
[Round "1.31"]
[White "Terao, Juliana Sayumi"]
[Black "Amarilla Ettiene, Ezequiel"]
[Result "1-0"]
[WhiteElo "2243"]
[BlackElo "1616"]
[PlyCount "59"]
[EventDate "2023.01.23"]
[EventRounds "10"]
[EventCountry "BRA"]

1. e4 c5 2. Nf3 e6 3. c3 Nf6 4. e5 Nd5 5. Bc4 d6 6. d4 cxd4 7. cxd4 Be7 8. O-O
O-O 9. Qe2 b6 10. Rd1 Bb7 11. Bd2 Nd7 12. Nc3 dxe5 13. dxe5 Nc5 14. a3 a5 15.
Rac1 Rc8 16. Nxd5 Bxd5 17. Bxd5 exd5 18. Qb5 Qd7 19. Rxc5 Qf5 20. Rxc8 Rxc8 21.
Bc3 Bc5 22. Qd3 Qf4 23. Qxd5 Re8 24. g3 Qf5 25. Qd7 Qxd7 26. Rxd7 h6 27. Kg2
Re6 28. Nd2 f6 29. f4 fxe5 30. Bxe5 1-0

[Event "IX Floripa Chess Open Fort Atacadista"]
[Site "Florianópolis - Santa Catari"]
[Date "2023.01.23"]
[Round "1.32"]
[White "Da Cruz, Emerson"]
[Black "Viana Da Costa, Fernando"]
[Result "0-1"]
[WhiteElo "1615"]
[BlackElo "2241"]
[PlyCount "64"]
[EventDate "2023.01.23"]
[EventRounds "10"]
[EventCountry "BRA"]

1. e4 c5 2. Nf3 Nc6 3. d4 cxd4 4. Nxd4 g6 5. Nc3 Bg7 6. Be3 Nf6 7. Bc4 Qa5 8.
Bb3 Nxe4 9. Qd3 Nxc3 10. bxc3 O-O 11. O-O d5 12. Rad1 e6 13. f4 Bd7 14. Ne2
Rad8 15. a4 Bc8 16. Bd4 b6 17. Bxg7 Ba6 18. Bxf8 Bxd3 19. Rxd3 Kxf8 20. h3 h5
21. h4 Qc5+ 22. Kh2 Rc8 23. Rfd1 Qf2 24. Ng1 Qxf4+ 25. g3 Qf2+ 26. Kh3 Ne5 27.
R3d2 Qf5+ 28. Kg2 Qe4+ 29. Kf2 Rxc3 30. Re2 Ng4+ 31. Ke1 Qh1 32. Kd2 Rxg3 0-1

[Event "IX Floripa Chess Open Fort Atacadista"]
[Site "Florianópolis - Santa Catari"]
[Date "2023.01.23"]
[Round "1.33"]
[White "Caetano, Ryan Wesley Da Cost"]
[Black "Martins, Arthur Francisco"]
[Result "1-0"]
[WhiteElo "2240"]
[BlackElo "1610"]
[PlyCount "63"]
[EventDate "2023.01.23"]
[EventRounds "10"]
[EventCountry "BRA"]

1. d4 Nf6 2. c4 e6 3. Nc3 Bb4 4. e3 O-O 5. Bd3 d5 6. Nf3 Nbd7 7. O-O dxc4 8.
Bxc4 b6 9. a3 Bxc3 10. bxc3 Bb7 11. a4 Ne4 12. Qc2 Nd6 13. Be2 f5 14. c4 Rf6
15. c5 Be4 16. Qc3 Nf7 17. Bb2 Rg6 18. g3 Ng5 19. Nxg5 Qxg5 20. f3 Qh4 21. Rf2
Bd5 22. Rg2 Qh3 23. Rf1 Nf6 24. Bc4 Rf8 25. Ba3 Bxc4 26. Qxc4 Nd5 27. Qe2 Rff6
28. cxb6 axb6 29. Rc1 f4 30. e4 Ne3 31. Rxc7 Nxg2 32. Rc8+ 1-0

[Event "IX Floripa Chess Open Fort Atacadista"]
[Site "Florianópolis - Santa Catari"]
[Date "2023.01.23"]
[Round "1.35"]
[White "Labussiere, Yago"]
[Black "Campagnolo, Bruna"]
[Result "1-0"]
[WhiteElo "2227"]
[BlackElo "1607"]
[PlyCount "53"]
[EventDate "2023.01.23"]
[EventRounds "10"]
[EventCountry "BRA"]

1. c4 e6 2. Nf3 Nf6 3. d4 d5 4. g3 Be7 5. Bg2 Nbd7 6. O-O O-O 7. Qc2 c6 8. Nbd2
Qc7 9. e4 dxe4 10. Nxe4 Nxe4 11. Qxe4 Nf6 12. Qe2 c5 13. Bf4 Bd6 14. Bxd6 Qxd6
15. Rfd1 cxd4 16. Rxd4 Qc7 17. Rad1 Bd7 18. Qe5 Rac8 19. Qxc7 Rxc7 20. Ne5 Bc8
21. b4 b6 22. Rd8 Bb7 23. Bxb7 Rxb7 24. Nc6 Ne8 25. Ra8 Nf6 26. Rdd8 Nd7 27.
Ne7+ 1-0

[Event "IX Floripa Chess Open Fort Atacadista"]
[Site "Florianópolis - Santa Catari"]
[Date "2023.01.23"]
[Round "1.36"]
[White "Cunha, Angelo"]
[Black "De Souza, Regis Gabetta"]
[Result "0-1"]
[WhiteElo "1606"]
[BlackElo "2221"]
[PlyCount "108"]
[EventDate "2023.01.23"]
[EventRounds "10"]
[EventCountry "BRA"]

1. e4 c5 2. Nf3 Nc6 3. d4 cxd4 4. Nxd4 e6 5. Nc3 Qc7 6. Be3 a6 7. Be2 Nf6 8. f4
d6 9. Qd2 Be7 10. g4 Nxd4 11. Bxd4 e5 12. Be3 Bxg4 13. fxe5 dxe5 14. O-O-O Bd7
15. Rhg1 Rg8 16. Bg5 O-O-O 17. Bxf6 Bc6 18. Bg4+ Kb8 19. Bxe5 Qxe5 20. Qe2 Bb4
21. Rxd8+ Rxd8 22. Nd5 Bxd5 23. exd5 Rxd5 24. c3 Bc5 25. Qxe5+ Rxe5 26. Rd1 f5
27. Bf3 Re3 28. Rf1 g5 29. Kd2 Re6 30. Bd5 Re5 31. c4 h5 32. Bf7 h4 33. h3 g4
34. hxg4 fxg4 35. Bd5 Re7 36. Rf8+ Ka7 37. Rg8 g3 38. Rh8 Rg7 39. Rxh4 g2 40.
Bxg2 Rxg2+ 41. Kc3 Be7 42. Rh6 Bf8 43. Re6 Bg7+ 44. Kb3 Rxb2+ 45. Ka3 Rb6 46.
Re2 Bf8+ 47. Ka4 Rb4+ 48. Ka3 Rxc4+ 49. Kb3 Rb4+ 50. Kc3 Rb5 51. Re4 Bg7+ 52.
Kc4 Rb2 53. a4 a5 54. Kd5 Rb4 0-1

[Event "IX Floripa Chess Open Fort Atacadista"]
[Site "Florianópolis - Santa Catari"]
[Date "2023.01.23"]
[Round "1.37"]
[White "Gauche, Charles"]
[Black "Elesbao, Bernardo Dartora"]
[Result "1-0"]
[WhiteElo "2211"]
[BlackElo "1604"]
[PlyCount "73"]
[EventDate "2023.01.23"]
[EventRounds "10"]
[EventCountry "BRA"]

1. d4 Nf6 2. c4 g6 3. Nc3 Bg7 4. e4 d6 5. Be2 O-O 6. Bg5 Nbd7 7. Qd2 e5 8. d5
a5 9. h4 h5 10. f3 Qe8 11. Nh3 Nh7 12. Bh6 Qe7 13. Bxg7 Kxg7 14. Nf2 Nhf6 15.
O-O-O a4 16. g4 Nc5 17. Kb1 Ra6 18. Rdg1 Rh8 19. g5 Nfd7 20. Ncd1 c6 21. Ne3
Nb6 22. Rd1 Rd8 23. Rhg1 Qc7 24. Nh1 Qb8 25. Ng3 Nb3 26. Qc3 Nd4 27. Rxd4 exd4
28. Qxd4+ Kh7 29. f4 Nd7 30. Bxh5 c5 31. Qc3 gxh5 32. Nxh5 Rg8 33. Ng4 Ne5 34.
Ngf6+ Kh8 35. Nxg8 Kxg8 36. fxe5 dxe5 37. Nf6+ 1-0

[Event "IX Floripa Chess Open Fort Atacadista"]
[Site "Florianópolis - Santa Catari"]
[Date "2023.01.23"]
[Round "1.39"]
[White "Rodriguez, Mathias"]
[Black "Marocco, Gabriel Leao Quadro"]
[Result "1-0"]
[WhiteElo "2207"]
[BlackElo "1598"]
[PlyCount "87"]
[EventDate "2023.01.23"]
[EventRounds "10"]
[EventCountry "BRA"]

1. e4 c5 2. Nf3 d6 3. d4 cxd4 4. Nxd4 Nf6 5. Nc3 a6 6. f4 b5 7. Bd3 Bb7 8. Qf3
e6 9. O-O Be7 10. Bd2 O-O 11. Qh3 Nbd7 12. Rae1 Nc5 13. b4 Nxd3 14. cxd3 Rc8
15. Rc1 Qd7 16. a3 Rc7 17. Nce2 Rfc8 18. Rcd1 Qd8 19. Qg3 Nd7 20. Be3 Bf6 21.
Rd2 Qe8 22. Qg4 Kh8 23. Ng3 Rc1 24. Nde2 Rxf1+ 25. Nxf1 e5 26. Nfg3 exf4 27.
Nxf4 Ne5 28. Qe2 g6 29. Rd1 Rc3 30. Rf1 Bg7 31. Kh1 Qc8 32. Bd4 Rc1 33. Qb2
Rxf1+ 34. Nxf1 Qg4 35. Qd2 Kg8 36. h3 Qg5 37. Be3 Qf6 38. Ng3 Qh4 39. Nfe2 Qe7
40. Bd4 Nc6 41. Bxg7 Kxg7 42. Nf4 Ne5 43. Nfh5+ gxh5 44. Nf5+ 1-0

[Event "IX Floripa Chess Open Fort Atacadista"]
[Site "Florianópolis - Santa Catari"]
[Date "2023.01.23"]
[Round "1.40"]
[White "Luz, Christian Oliveira"]
[Black "Do Valle Cardoso, Lucas"]
[Result "0-1"]
[WhiteElo "1594"]
[BlackElo "2206"]
[PlyCount "88"]
[EventDate "2023.01.23"]
[EventRounds "10"]
[EventCountry "BRA"]

1. e4 c5 2. Nf3 d6 3. d4 cxd4 4. Nxd4 Nf6 5. Nc3 a6 6. a4 g6 7. Bc4 Bg7 8. O-O
Nc6 9. Be3 Ng4 10. Nb3 Bxc3 11. bxc3 Nxe3 12. fxe3 Ne5 13. Qd4 O-O 14. Nd2 Qc7
15. Bb3 Bd7 16. Nf3 Rac8 17. Rad1 Bg4 18. Rd2 Bxf3 19. gxf3 Qxc3 20. f4 Qxd4
21. exd4 Nc4 22. Rd3 Kg7 23. Rf2 Rc7 24. f5 f6 25. Rg3 g5 26. h4 h6 27. hxg5
hxg5 28. Rh2 Rh8 29. Rxh8 Kxh8 30. Rh3+ Kg7 31. Rc3 b5 32. Kf2 d5 33. exd5 Rc8
34. axb5 axb5 35. Kg1 Nd6 36. Rc5 Rb8 37. Rc7 Rb7 38. Rxb7 Nxb7 39. c3 Nd6 40.
Bc2 Kh6 41. Bd3 g4 42. Kf2 Kg5 43. Kg1 Kf4 44. Kf2 Ne4+ 0-1

[Event "IX Floripa Chess Open Fort Atacadista"]
[Site "Florianópolis - Santa Catari"]
[Date "2023.01.23"]
[Round "1.42"]
[White "Mauro, Roberto Da Silva"]
[Black "Guimaraes, Wagner Peixoto"]
[Result "0-1"]
[WhiteElo "1590"]
[BlackElo "2199"]
[PlyCount "58"]
[EventDate "2023.01.23"]
[EventRounds "10"]
[EventCountry "BRA"]

1. d4 Nf6 2. c4 g6 3. Nc3 Bg7 4. e4 d6 5. h3 O-O 6. Nf3 e5 7. dxe5 dxe5 8. Bg5
c6 9. Be2 Qe7 10. O-O h6 11. Bh4 g5 12. Bg3 Nbd7 13. Qc2 Nh5 14. Bxe5 Nxe5 15.
Nxe5 Nf4 16. Nd3 Nxe2+ 17. Qxe2 Be6 18. Qc2 Bxc4 19. Rfe1 Rad8 20. Rad1 Rfe8
21. Nc1 Be6 22. N1e2 Qc5 23. Rc1 b5 24. a3 a5 25. Qb1 Qe5 26. b4 a4 27. Nd1 Bc4
28. Ng3 Rd2 29. Re3 Ba2 0-1

[Event "IX Floripa Chess Open Fort Atacadista"]
[Site "Florianópolis - Santa Catari"]
[Date "2023.01.23"]
[Round "1.43"]
[White "Melian, Juan Sebastian"]
[Black "Ferreira, Carlos Eduardo"]
[Result "1-0"]
[WhiteElo "2197"]
[BlackElo "1585"]
[PlyCount "79"]
[EventDate "2023.01.23"]
[EventRounds "10"]
[EventCountry "BRA"]

1. e4 c5 2. b3 Nc6 3. Bb2 d6 4. Bb5 Bd7 5. d3 a6 6. Bxc6 Bxc6 7. Nd2 Nf6 8. f4
e6 9. Ngf3 Be7 10. O-O O-O 11. Qe1 d5 12. Ne5 Re8 13. Nxc6 bxc6 14. Qg3 Bf8 15.
f5 exf5 16. Rxf5 d4 17. Raf1 Kh8 18. e5 Nd5 19. Nc4 Ra7 20. Rxf7 Rxf7 21. Rxf7
Kg8 22. Rf1 Re6 23. Bc1 Rg6 24. Qf3 Qe8 25. Bd2 Be7 26. Qf5 Bf8 27. Rf3 Ne7 28.
Qe4 Nd5 29. h4 Qe6 30. h5 Rg4 31. Qe2 h6 32. Qf2 Be7 33. Rf5 Bh4 34. Qf3 Rg3
35. Rf8+ Kh7 36. Qe4+ g6 37. Qxh4 Rg4 38. Qd8 Rxg2+ 39. Kxg2 Qg4+ 40. Kf2 1-0

[Event "IX Floripa Chess Open Fort Atacadista"]
[Site "Florianópolis - Santa Catari"]
[Date "2023.01.23"]
[Round "1.44"]
[White "Pereira, Armando Scharlau"]
[Black "Silva, Kaua Marques"]
[Result "0-1"]
[WhiteElo "1581"]
[BlackElo "2196"]
[PlyCount "78"]
[EventDate "2023.01.23"]
[EventRounds "10"]
[EventCountry "BRA"]

1. Nf3 c5 2. c4 Nc6 3. Nc3 e5 4. g3 g6 5. Bg2 Bg7 6. O-O d6 7. d3 Nge7 8. Bg5
f6 9. Bd2 O-O 10. Ne1 Be6 11. Nc2 d5 12. cxd5 Nxd5 13. Ne3 Nde7 14. Ne4 b6 15.
Bc3 Rc8 16. Nc4 Rc7 17. a3 Nd5 18. Bd2 Kh8 19. Rb1 Bg8 20. Re1 Rd7 21. Qa4 Nd4
22. Ned6 Rxd6 23. Nxd6 Qxd6 24. b4 cxb4 25. axb4 Rc8 26. e3 Rc2 27. exd4 Rxd2
28. dxe5 fxe5 29. Rbc1 e4 30. Rc8 Ne7 31. Re8 Rxf2 32. Bxe4 Bd4 33. Kh1 Qf6 34.
Bg2 Qd6 35. Qxa7 Bf6 36. Qa8 Kg7 37. Qe4 Qd7 38. Ra8 Bd5 39. Qxd5 Nxd5 0-1

[Event "IX Floripa Chess Open Fort Atacadista"]
[Site "Florianópolis - Santa Catari"]
[Date "2023.01.23"]
[Round "1.45"]
[White "Nemeth Junior, Henrique"]
[Black "Melo, Sergio Roberto Samp"]
[Result "1-0"]
[WhiteElo "2193"]
[BlackElo "1580"]
[PlyCount "23"]
[EventDate "2023.01.23"]
[EventRounds "10"]
[EventCountry "BRA"]

1. c4 e6 2. Nf3 Nf6 3. Nc3 d5 4. e3 Be7 5. b3 Nbd7 6. Bb2 c6 7. Qc2 dxc4 8.
Bxc4 Nb6 9. Be2 O-O 10. h4 Nbd5 11. Ng5 g6 12. h5 1-0

[Event "IX Floripa Chess Open Fort Atacadista"]
[Site "Florianópolis - Santa Catari"]
[Date "2023.01.23"]
[Round "1.46"]
[White "Furtado, Tiago Cicotti"]
[Black "De Borba, Gabriel"]
[Result "0-1"]
[WhiteElo "1580"]
[BlackElo "2191"]
[PlyCount "72"]
[EventDate "2023.01.23"]
[EventRounds "10"]
[EventCountry "BRA"]

1. c4 e5 2. Nc3 g6 3. Nf3 Bg7 4. g3 d6 5. Bg2 f5 6. d3 Nf6 7. O-O O-O 8. e3 Nc6
9. a3 a5 10. Qc2 h6 11. Nd2 Kh7 12. Rb1 f4 13. Bxc6 bxc6 14. exf4 exf4 15. Nce4
fxg3 16. Nxf6+ Bxf6 17. hxg3 Bh3 18. Re1 Bd4 19. Ne4 d5 20. cxd5 cxd5 21. Be3
dxe4 22. Bxd4 Qxd4 23. Rxe4 Qd7 24. Qc5 Rf7 25. Rh4 Bf5 26. Qe3 h5 27. Rd4 Qe6
28. Qd2 c5 29. Rc4 Rd8 30. Rxc5 Rxd3 31. Qe1 Qd6 32. Rbc1 Re7 33. Qf1 Qd4 34.
Qg2 Rd1+ 35. Kh2 Be4 36. Rxd1 Qxd1 0-1

[Event "IX Floripa Chess Open Fort Atacadista"]
[Site "Florianópolis - Santa Catari"]
[Date "2023.01.23"]
[Round "1.47"]
[White "Fernandez, Maria Florencia"]
[Black "Lima Miranda, Caio Cesar"]
[Result "1-0"]
[WhiteElo "2181"]
[BlackElo "1579"]
[PlyCount "85"]
[EventDate "2023.01.23"]
[EventRounds "10"]
[EventCountry "BRA"]

1. d4 Nf6 2. c4 g6 3. Nc3 Bg7 4. e4 d6 5. Be2 O-O 6. Be3 e5 7. d5 h6 8. g4 Ne8
9. Qd2 Kh7 10. O-O-O c5 11. h4 Na6 12. Nh3 Nac7 13. f4 exf4 14. Nxf4 a6 15.
Rdg1 b5 16. Kb1 Rb8 17. Ka1 Qe7 18. g5 h5 19. Bxh5 Bxc3 20. Qxc3 gxh5 21. g6+
fxg6 22. Nxg6 Qf6 23. e5 dxe5 24. Qxe5 Qxe5 25. Nxf8+ Kh8 26. Ng6+ Kh7 27. Nxe5
bxc4 28. Rd1 Nd6 29. Bxc5 Nce8 30. Rhe1 Bf5 31. Nc6 Rb7 32. Re7+ Rxe7 33. Nxe7
Be4 34. Re1 Bd3 35. Re6 Ne4 36. Bd4 Nc7 37. Rg6 Ne8 38. Rg8 N4f6 39. Rg5 Be4
40. d6 Kh6 41. Bxf6 Nxf6 42. Ng8+ Nxg8 43. d7 1-0

[Event "IX Floripa Chess Open Fort Atacadista"]
[Site "Florianópolis - Santa Catari"]
[Date "2023.01.23"]
[Round "1.48"]
[White "Carneiro, Claudionor Chaves"]
[Black "Zacarias, M Ruben D"]
[Result "0-1"]
[WhiteElo "1577"]
[BlackElo "2176"]
[PlyCount "40"]
[EventDate "2023.01.23"]
[EventRounds "10"]
[EventCountry "BRA"]

1. e4 c5 2. Nf3 d6 3. d4 cxd4 4. Nxd4 Nf6 5. Nc3 Nc6 6. Be3 e5 7. Nb3 Be6 8.
Qd2 Be7 9. f3 O-O 10. O-O-O a5 11. Na4 d5 12. Bb6 Qc8 13. exd5 Nxd5 14. Bc5 Rd8
15. Bxe7 Ndxe7 16. Qe3 Rxd1+ 17. Kxd1 Nb4 18. Nc3 Bf5 19. Qxe5 Nec6 20. Qf4
Bxc2+ 0-1

[Event "IX Floripa Chess Open Fort Atacadista"]
[Site "Florianópolis - Santa Catari"]
[Date "2023.01.23"]
[Round "1.49"]
[White "Aranha Filho, Alvaro Z."]
[Black "Caceres Benitez, Fernando Israel"]
[Result "1-0"]
[WhiteElo "2171"]
[BlackElo "1574"]
[PlyCount "73"]
[EventDate "2023.01.23"]
[EventRounds "10"]
[EventCountry "BRA"]

1. d4 Nf6 2. c4 e6 3. Nf3 b6 4. a3 Bb7 5. Nc3 d5 6. cxd5 Nxd5 7. Qc2 Nxc3 8.
bxc3 c5 9. e4 Nd7 10. Bd3 Rc8 11. Qe2 Be7 12. O-O Nf6 13. Bb5+ Kf8 14. Bd3 h6
15. Bb2 cxd4 16. cxd4 g5 17. Rfd1 Nh5 18. g3 Bf6 19. Ne5 Ng7 20. Bb5 Rc7 21. d5
exd5 22. Nd7+ Rxd7 23. Bxf6 Qxf6 24. Bxd7 dxe4 25. Rac1 Ne6 26. Bxe6 Qxe6 27.
Rd8+ Kg7 28. Qb2+ f6 29. Rc7+ Kg6 30. Rxh8 e3 31. Rg8+ Kf5 32. Qb5+ Bd5 33. Rd8
e2 34. Qxd5+ Qxd5 35. Rxd5+ Ke6 36. Rc1 Kxd5 37. Re1 1-0

[Event "IX Floripa Chess Open Fort Atacadista"]
[Site "Florianópolis - Santa Catari"]
[Date "2023.01.23"]
[Round "1.50"]
[White "Bashtavenko, Aleksey"]
[Black "Caetano, Hugo Zanotti Mendon"]
[Result "0-1"]
[WhiteElo "1569"]
[BlackElo "2166"]
[PlyCount "74"]
[EventDate "2023.01.23"]
[EventRounds "10"]
[EventCountry "BRA"]

1. d4 d5 2. c4 e6 3. g3 Nf6 4. Bg2 Be7 5. Nf3 O-O 6. O-O b6 7. Qc2 Bb7 8. Ne5
Qc8 9. Nd2 dxc4 10. Ndf3 b5 11. b3 Be4 12. Qc3 Nd5 13. Qa5 a6 14. Ba3 Bxa3 15.
Qxa3 c3 16. b4 f6 17. Nd3 Bxd3 18. exd3 Nc6 19. Rab1 Qd7 20. Rfc1 a5 21. bxa5
b4 22. Qb3 Rxa5 23. Rc2 Ra3 24. Qc4 Rb8 25. Re1 b3 26. axb3 Rb4 27. Bh3 f5 28.
Qc5 Ra5 29. Ne5 Nxe5 30. Qxa5 Nf3+ 31. Kf1 Nxe1 32. Kxe1 Rxb3 33. Bg2 Nb4 34.
Rxc3 Rxc3 35. Qxb4 Rxd3 36. Qb8+ Kf7 37. d5 exd5 0-1

[Event "IX Floripa Chess Open Fort Atacadista"]
[Site "Florianópolis - Santa Catari"]
[Date "2023.01.23"]
[Round "1.51"]
[White "Zampronha, Wladimir Camilo"]
[Black "De Souza, Lucio Teixeira"]
[Result "1-0"]
[WhiteElo "2164"]
[BlackElo "1568"]
[PlyCount "137"]
[EventDate "2023.01.23"]
[EventRounds "10"]
[EventCountry "BRA"]

1. e4 e6 2. d4 d5 3. Nc3 dxe4 4. Nxe4 Bd7 5. Nf3 Bc6 6. Bd3 Nd7 7. O-O Ngf6 8.
Ned2 Be7 9. Re1 Bxf3 10. Nxf3 O-O 11. c3 c6 12. Qe2 Re8 13. Ne5 Nf8 14. Bf4 Nd5
15. Bg3 Nf6 16. Rad1 a5 17. h3 a4 18. a3 Ra5 19. Bc2 Qd5 20. Rd3 Raa8 21. c4
Qd8 22. c5 Qc8 23. Qd1 Ng6 24. Bxa4 Nxe5 25. Bxe5 Rd8 26. Bc2 Nd7 27. Bf4 Bf6
28. Qe2 g6 29. Red1 Bg7 30. Bb3 Nf6 31. Bd6 Qd7 32. Qf3 b5 33. Bf4 Re8 34. Re1
Ra7 35. g4 Nd5 36. Bd6 Qd8 37. Bxd5 exd5 38. Rxe8+ Qxe8 39. Re3 Qd8 40. Be5 Qg5
41. Kg2 h6 42. Qg3 Qd8 43. Bxg7 Kxg7 44. Qe5+ Qf6 45. Qxf6+ Kxf6 46. Re8 g5 47.
Rc8 Ra6 48. Kg3 Kg6 49. f4 f6 50. Rc7 gxf4+ 51. Kxf4 Ra4 52. Ke3 Ra6 53. Rb7
Ra8 54. Rb6 Rc8 55. Kf4 Re8 56. Rxc6 Re4+ 57. Kg3 Rxd4 58. Rd6 Rd3+ 59. Kf4
Rd4+ 60. Ke3 Rd1 61. c6 Kf7 62. c7 Rc1 63. Rxd5 b4 64. Rd7+ Ke6 65. Rh7 bxa3
66. bxa3 h5 67. gxh5 Kd6 68. h6 Ke6 69. Rg7 1-0

[Event "IX Floripa Chess Open Fort Atacadista"]
[Site "Florianópolis - Santa Catari"]
[Date "2023.01.23"]
[Round "1.52"]
[White "Lora, Miguel Said Brasil"]
[Black "Pereira, Silvio Cunha"]
[Result "0-1"]
[WhiteElo "1566"]
[BlackElo "2159"]
[PlyCount "52"]
[EventDate "2023.01.23"]
[EventRounds "10"]
[EventCountry "BRA"]

1. e4 e5 2. Nf3 Nc6 3. Bc4 Bc5 4. c3 Bb6 5. d4 Qe7 6. dxe5 Nxe5 7. Nxe5 Qxe5 8.
Qd5 Qe7 9. Bg5 Nf6 10. Bxf6 Qxf6 11. O-O O-O 12. Nd2 d6 13. Nf3 Bg4 14. Qg5
Qxg5 15. Nxg5 Rae8 16. Rfe1 Re7 17. Kf1 Rfe8 18. f3 h6 19. Nh3 Bxh3 20. gxh3
Re5 21. Kg2 c6 22. Rad1 d5 23. Bd3 dxe4 24. Rxe4 Rg5+ 25. Rg4 Rd5 26. Re4 Red8
0-1

[Event "IX Floripa Chess Open Fort Atacadista"]
[Site "Florianópolis - Santa Catari"]
[Date "2023.01.23"]
[Round "1.53"]
[White "Caldeira, Adriano"]
[Black "Butzke, Lucas De Castro"]
[Result "1-0"]
[WhiteElo "2156"]
[BlackElo "1564"]
[PlyCount "87"]
[EventDate "2023.01.23"]
[EventRounds "10"]
[EventCountry "BRA"]

1. e4 e5 2. Nf3 Nc6 3. Bc4 Bc5 4. c3 Nf6 5. d4 exd4 6. cxd4 Bb4+ 7. Bd2 Bxd2+
8. Nbxd2 d5 9. exd5 Nxd5 10. O-O O-O 11. Rc1 Nb6 12. Bb3 Bg4 13. Qc2 Nxd4 14.
Qxc7 Ne2+ 15. Kh1 Nxc1 16. Qxc1 Rc8 17. Qb1 Re8 18. a4 Be6 19. Bc2 h6 20. Ne4
Qc7 21. Nd4 Qc4 22. Rd1 Rcd8 23. Bb3 Qc7 24. Rc1 Qe5 25. Nxe6 fxe6 26. Nc5 Rc8
27. f4 Qxf4 28. Rf1 Qd6 29. Nxe6 Rxe6 30. Qe4 Rce8 31. Re1 Kh8 32. Bxe6 Nd7 33.
Qg6 Re7 34. Qf5 Qc5 35. Rf1 Qxf5 36. Bxf5 Nf6 37. Rc1 Kg8 38. Bg6 Ne8 39. h4
Rc7 40. Rd1 Kf8 41. Rd8 Re7 42. Kh2 Re3 43. Ra8 a6 44. a5 1-0

[Event "IX Floripa Chess Open Fort Atacadista"]
[Site "Florianópolis - Santa Catari"]
[Date "2023.01.23"]
[Round "1.54"]
[White "De Oliveira, Gualter Amelio"]
[Black "Carvalho, Guillermo"]
[Result "0-1"]
[WhiteElo "1563"]
[BlackElo "2154"]
[PlyCount "138"]
[EventDate "2023.01.23"]
[EventRounds "10"]
[EventCountry "BRA"]

1. e4 c5 2. Nc3 Nc6 3. d3 g6 4. g3 Bg7 5. Bg2 d6 6. Be3 e6 7. Nge2 Nd4 8. f3
Rb8 9. Bf2 e5 10. a4 Ne7 11. O-O O-O 12. Nxd4 cxd4 13. Ne2 Be6 14. c3 dxc3 15.
bxc3 b6 16. Be3 Rc8 17. Qd2 Nc6 18. Bh6 Na5 19. Qe3 f6 20. h4 Qd7 21. Kh2 Rc7
22. Bxg7 Kxg7 23. c4 Rc5 24. Rf2 Nb7 25. Qd2 Ra5 26. Nc3 Nc5 27. Qc2 f5 28. Kg1
f4 29. g4 h6 30. Bf1 Qe8 31. Be2 Bd7 32. Bd1 Ne6 33. Ne2 Qe7 34. Rh2 Rg8 35.
Qb2 Qf6 36. Nc3 Bc6 37. Qd2 Nd4 38. Qe1 Qe7 39. Rha2 Rc8 40. Qf2 Qe8 41. Ne2
Nxe2+ 42. Qxe2 Bd7 43. Qf2 Be6 44. Ra3 Qc6 45. Bb3 Kf8 46. R3a2 Qc5 47. Qxc5
dxc5 48. Kf2 Ke7 49. Ke2 Bd7 50. Kd2 Be8 51. Kc3 Kd6 52. Rg1 Bd7 53. Rga1 Rb8
54. Kb2 Bc6 55. Kc3 Rg8 56. Bc2 Rh8 57. Bb3 Bd7 58. Rh1 Rb8 59. Rhh2 a6 60. Bd1
Be6 61. Bb3 Kc7 62. Rh1 b5 63. axb5 Rxa2 64. Bxa2 axb5 65. Rb1 Ra8 66. Bb3 b4+
67. Kb2 Kb6 68. Ra1 Rxa1 69. Kxa1 Ka5 0-1